Former Countries - Sudden Death! - Statistics

General Stats
  • This quiz has been taken 2,763 times
    449 since last reset
  • The average score is 9 of 16
Answers on the Grid
Answers color-coded by a green-red scale on the quiz's grid according to % correct below.
Nazi Germany
Australia
Czechoslovakia
Yugoslavia
Ottoman Empire
California
Hawaii
Oregon
East Turkestan
Tibet
North America
Uttar Pradesh
Baffin Island
Tokyo
Soviet Union
Mongol Empire
England
Zanzibar
Kingdom of Sicily
Panem
Somaliland
Qing Dynasty
United States of Oceania
Yucatan
Tagalog Republic
Emirate Of Scandinavia
Fishland
Austrian Empire
 
Answer Stats
Answer % Correct
Yugoslavia
93%
Czechoslovakia
91%
Ottoman Empire
85%
Nazi Germany
75%
Soviet Union
73%
Mongol Empire
66%
Tibet
62%
Hawaii
52%
Zanzibar
50%
Austrian Empire
49%
Kingdom of Sicily
49%
Qing Dynasty
39%
England
37%
California
26%
East Turkestan
23%
Yucatan
13%
No matching quizzes found
Score Distribution
Percent of People with Each Score
Percentile by Number Answered
Your Score History
You have not taken this quiz since the last reset